[Event "TCh-NOR"]
[Site "Asker NOR"]
[Date "2003.06.01"]
[Round "5"]
[White "Diesen,B"]
[Black "Trygstad,K"]
[Result "1/2-1/2"]
[WhiteElo "2256"]
[BlackElo "2320"]

1.e4 c5 2.Nf3 e6 3.d4 cxd4 4.Nxd4 a6 5.Bd3 Nf6 6.O-O Qc7 7.Be3 d5 8.exd5 Nxd5
9.Bd2 Nd7 10.Nc3 N7f6 11.Nxd5 Nxd5 12.c4 Nf6 13.Rc1 Bd6 14.Nf3 Bd7 15.c5 Bf4
16.Re1 Bc6 17.Bxf4 Qxf4 18.Ne5 Bd5 19.g3 Qb4 20.a3 Qa5 21.b4 Qc7 22.Qa4+ Ke7
23.Qc2 h5 24.h4 Nd7 25.Qc3 Nxe5 26.Rxe5 Rad8 27.Rg5 Bc6 28.Rxg7 Qd7 29.Bg6 Rhf8
30.Re1 Qd5 31.Be4 Qxe4 32.Rxe4 Bxe4 33.f3 Rd1+ 34.Kf2 Bg6 35.Rxg6 fxg6 36.Qg7+ Rf7
37.Qxg6 Rd5 38.f4 Rdf5 39.Ke3 Kf8 40.Qh6+ Rg7 41.Kf3 Kf7 42.Qh8 Rd5 43.Qc8 Rd3+
44.Ke2 Rgxg3 45.Qxb7+ Kf6 46.Qe4 Rxa3 47.c6 Rh3 48.Qe5+ Ke7 49.Qc5+ Kf6 50.Qg5+ Kf7
51.Qxh5+ Kf6 52.Qe5+ Kf7 53.Qh5+ Ke7 54.Qc5+ Kf7 55.Qh5+  1/2-1/2

[Event "4th IECC"]
[Site "Istanbul TUR"]
[Date "2003.06.02"]
[Round "4"]
[White "Vokarev,S"]
[Black "Asmundsson,I"]
[Result "1-0"]
[WhiteElo "2498"]
[BlackElo "2327"]

1.e4 c5 2.Nf3 e6 3.d4 cxd4 4.Nxd4 a6 5.Bd3 b5 6.O-O Bb7 7.a4 b4 8.Nd2 e5
9.Nf5 g6 10.Ne3 Nf6 11.a5 Bc5 12.Nec4 d5 13.Nxe5 dxe4 14.Bc4 O-O 15.Nb3 Bd6
16.Qd4 Nc6 17.Nxc6 Bxc6 18.Bg5 Be7 19.Qe5 Re8 20.Nd4 Bb7 21.Rad1 Nd7 22.Bxf7+ Kxf7
23.Qe6+ Kg7 24.Nf5+ gxf5 25.Rxd7 Qxd7 26.Bh6+  1-0

[Event "CCA Vermont Open"]
[Site "Stratton Mountain USA"]
[Date "2003.06.04"]
[Round "2"]
[White "Friedel,J"]
[Black "Belcher,N"]
[Result "1-0"]
[WhiteElo "2293"]
[BlackElo "2101"]

1.e4 c5 2.Nf3 e6 3.d4 cxd4 4.Nxd4 a6 5.Bd3 Qc7 6.O-O Nf6 7.Qe2 Nc6 8.Nxc6 bxc6
9.c4 e5 10.Nc3 d6 11.h3 Be6 12.f4 Be7 13.f5 Bc8 14.Be3 Bb7 15.Rac1 Rd8 16.b4 Qb8
17.Bb6 Rd7 18.c5 d5 19.exd5 Nxd5 20.Nxd5 Rxd5 21.Bc4 Rd4 22.Rcd1 Rxd1 23.Rxd1 O-O
24.Rd7 Bf6 25.Qh5 Bc8 26.Rxf7  1-0

[Event "4th IECC"]
[Site "Istanbul TUR"]
[Date "2003.06.06"]
[Round "7"]
[White "Sulypa,A"]
[Black "Yeke,S"]
[Result "1-0"]
[WhiteElo "2492"]
[BlackElo "2287"]

1.e4 c5 2.Nf3 e6 3.d4 cxd4 4.Nxd4 a6 5.Bd3 g6 6.Be3 Bg7 7.Nc3 Ne7 8.Qd2 Nbc6
9.Nxc6 bxc6 10.Bh6 Bxh6 11.Qxh6 Rb8 12.Rb1 Qa5 13.O-O Qe5 14.f4 Qd4+ 15.Kh1 f5
16.Ne2 Qf6 17.e5 Qf7 18.Nd4 Ng8 19.Qh3 h6 20.Nb3 Ne7 21.Na5 Qg7 22.Qe3 Ra8
23.Nc4 O-O 24.Nd6 g5 25.g3 a5 26.c4 Ba6 27.b3 Nc8 28.Nxc8 Bxc8 29.Qc5 g4
30.Rfd1 h5 31.Kg1 Kf7 32.Bf1 Kg6 33.h4 gxh3 34.Bxh3 Kf7 35.Rd3 h4 36.Kh2 Rh8
37.Qf2 a4 38.b4 a3 39.gxh4 Qh6 40.Rbb3 Ra4 41.Qe3 Rg8 42.Qf2 c5 43.bxc5 Rxc4
44.Rf3 Rc1 45.Rg3 Rxg3 46.Kxg3 Ba6 47.Bg2 Qg7+ 48.Kh2 Qg4 49.c6 Rc4 50.cxd7 Rxf4
51.d8=Q Rxf2 52.Qf6+  1-0

[Event "3rd Zurich Lake Plaza Open"]
[Site "Pfaeffikon SUI"]
[Date "2003.06.06"]
[Round "1"]
[White "Loeffelhardt,F"]
[Black "Pikula,D"]
[Result "0-1"]
[WhiteElo "2009"]
[BlackElo "2478"]

1.e4 c5 2.Nf3 e6 3.d4 cxd4 4.Nxd4 a6 5.Bd3 Bc5 6.Nb3 Be7 7.Nc3 d6 8.Be3 Nf6
9.f3 O-O 10.Qd2 b5 11.O-O-O Nc6 12.g4 b4 13.Ne2 a5 14.g5 Nd7 15.Nbd4 Nce5
16.f4 Nxd3+ 17.cxd3 Ba6 18.Kb1 Rc8 19.Nf3 Re8 20.Ng3 Nc5 21.Bxc5 dxc5 22.h4 Rc7
23.Ne5 Bd6 24.Nc4 Rd7 25.e5 Bf8 26.Qc2 Rd4 27.Ne2 Rd5 28.Ng3 Qc7 29.Ne3 Rd4
30.Ne2 Rd7 31.Nc4 Red8 32.Rh3 a4 33.h5 Qc6 34.Rg1 Bb5 35.Rhg3 Qa6 36.Rc1 Rb7
37.b3 axb3 38.axb3 Ra7 39.Qb2 Qc6 40.Rcg1 Rda8 41.Nc1 Ra6 42.Ne3 Qd7 43.Nc2 R6a7
44.R1g2 Qd8 45.Rg1 Rd7 46.Ne1 Rd4 47.Rf1 g6 48.h6 Ra5 49.Rf2 Qa8 50.Rf1 Qc6
51.Rf2 Rd7 52.Rff3 Rda7 53.Nc2 Qb7 54.Rf1 Bc6 55.Rf2 Qa8 56.Re2 Bd5 57.Re1 Be7
58.Reg1 Bc6 59.Rf1 c4 60.bxc4 b3 61.Nxb3 Ra2 62.Qc3 Rb7 63.Kc1 Ba4 64.Nba1 Qb8
65.Kd1 Rbb2 66.Rg2 Rxa1+ 67.Ke2  0-1

[Event "CCA Vermont Open"]
[Site "Stratton Mountain USA"]
[Date "2003.06.06"]
[Round "5"]
[White "Adamson,R"]
[Black "Bengtson,M"]
[Result "1-0"]
[WhiteElo "2308"]
[BlackElo "2294"]

1.e4 c5 2.Nf3 e6 3.d4 cxd4 4.Nxd4 a6 5.Bd3 Bc5 6.Nb3 Ba7 7.O-O Nc6 8.Nc3 Nf6
9.Qe2 d6 10.Be3 Bxe3 11.Qxe3 b5 12.Rad1 Qc7 13.Bxb5 axb5 14.Nxb5 Qe7 15.Nxd6+ Kf8
16.Qc3 Bd7 17.Nc5 Be8 18.b4 e5 19.Nf5 Qa7 20.Rd6 g6 21.Rxc6 Bxc6 22.Qxe5 gxf5
23.Qxf6 Rg8 24.Qxc6 Rg6 25.Qd5 Qxa2 26.c4 fxe4 27.Qxe4 Rd8 28.h4 Qd2 29.h5 Rg8
30.Qxh7 Rd4 31.Ra1 Qg5 32.Ra8+ Rd8 33.Rxd8+ Qxd8 34.Qh6+ Rg7 35.Qh8+ Rg8
36.Qh6+ Rg7 37.g3 Qd4 38.Kg2 Qxc4 39.Qh8+ Rg8 40.Nd7+  1-0

[Event "CCA Vermont Open"]
[Site "Stratton Mountain USA"]
[Date "2003.06.06"]
[Round "5"]
[White "Montgomery,P"]
[Black "Belcher,N"]
[Result "0-1"]
[WhiteElo "2243"]
[BlackElo "2101"]

1.e4 c5 2.Nf3 e6 3.d4 cxd4 4.Nxd4 a6 5.Bd3 Qc7 6.O-O Nf6 7.Nc3 Be7 8.a4 Nc6
9.Nxc6 bxc6 10.Qe2 d5 11.e5 Nd7 12.Re1 f5 13.exf6 Nxf6 14.Bg5 O-O 15.Bh4 Bd6
16.Bg3 Bxg3 17.hxg3 a5 18.Nd1 Bd7 19.f4 Rae8 20.Nf2 Rf7 21.Qe5 Qb6 22.Qe3 c5
23.c3 Rfe7 24.Qe5 c4 25.Be2 Ne4 26.Qd4 Qxd4 27.cxd4 Nxg3 28.Bf3 Nf5 29.Rad1 Bxa4
30.Ra1 Bb3 31.Rxa5 Nxd4 32.Bg4 Bc2 33.Bd1 Bxd1 34.Nxd1 Nb3 35.Rb5 Kf8 36.f5 exf5
37.Rf1 Re5 38.g4 Nd4 39.Ra5 Ne2+ 40.Kg2 f4 41.Nc3 g5 42.Rxd5 Nxc3 43.Rxe5 Rxe5
44.bxc3 Kf7 45.Rf3 Re2+ 46.Kg1 Kg6 47.Rh3 Rc2 48.Kf1 Rd2  0-1

[Event "FSFMA June"]
[Site "Budapest HUN"]
[Date "2003.06.08"]
[Round "2"]
[White "Keschitz,G"]
[Black "Kubacsny,V"]
[Result "1-0"]
[WhiteElo "2184"]
[BlackElo "2188"]

1.e4 c5 2.Nf3 e6 3.d4 cxd4 4.Nxd4 a6 5.Bd3 Nc6 6.Be3 Nge7 7.Nb3 d5 8.Nc3 e5
9.Bc5 d4 10.Na4 b5 11.Nb6 Rb8 12.Nxc8 Rxc8 13.a4 Na5 14.Nxa5 Qxa5+ 15.b4 Qd8
16.axb5 axb5 17.Bxb5+ Nc6 18.Ra6 Bxc5 19.bxc5 O-O 20.Bxc6 Rxc6 21.Rxc6 Qa5+
22.c3 Qxc3+ 23.Kf1 f5 24.Rb6 Qxc5 25.Qb3+ Kh8 26.Rb8 fxe4 27.Qc2 Qd6 28.Rxf8+ Qxf8
29.Qxe4  1-0

[Event "IV Open"]
[Site "Lido Estensi ITA"]
[Date "2003.06.10"]
[Round "4"]
[White "Voltolini,G"]
[Black "Straub,P"]
[Result "0-1"]
[WhiteElo "2264"]
[BlackElo "2123"]

1.e4 c5 2.Nf3 e6 3.d4 cxd4 4.Nxd4 a6 5.Bd3 Qc7 6.O-O Nc6 7.Nxc6 Qxc6 8.c4 d6
9.Nc3 Nf6 10.Be3 Be7 11.Rc1 O-O 12.a3 b6 13.f4 Bb7 14.Qf3 Nd7 15.Qh3 Rae8
16.Rf3 g6 17.Qh6 f6 18.Qh3 Bd8 19.b4 Bc8 20.Rff1 f5 21.exf5 gxf5 22.Bd4 Bf6
23.Bxf6 Nxf6 24.Rfe1 Rf7 25.Rc2 Qc7 26.Ree2 Rg7 27.Qe3 Kh8 28.a4 Ng4 29.Qh3 Nf6
30.Qh4 Rg6 31.b5 Qc5+ 32.Qf2 Rxg2+  0-1

[Event "FSIM June"]
[Site "Budapest HUN"]
[Date "2003.06.11"]
[Round "5"]
[White "Werner,Da"]
[Black "Szeberenyi,A"]
[Result "0-1"]
[WhiteElo "2184"]
[BlackElo "2401"]

1.e4 c5 2.Nf3 e6 3.d4 cxd4 4.Nxd4 a6 5.Bd3 Bc5 6.Nb3 Ba7 7.O-O Nc6 8.Nc3 d6
9.Qg4 Nf6 10.Qg3 b5 11.Bg5 Bb7 12.Kh1 h6 13.Bxf6 Qxf6 14.Qxd6 Rd8 15.Qc7 Rd7
16.Qg3 Ne5 17.Rad1 O-O 18.f4 Nxd3 19.Rxd3 Rxd3 20.Qxd3 Rd8 21.e5 Qh4 22.Qe2 b4
23.Ne4 Bxe4 24.Qxe4 Qf2 25.Qc4 Qb6 26.h3 a5 27.c3 a4 28.Nd4 a3 29.bxa3 bxc3
30.Nc6 Rd2 31.Qxc3 Rf2 32.Rc1 Qc7 33.Qd3 g6 34.Qd6 Qb7 35.Qd8+ Kh7 36.Qe7 Qxe7
37.Nxe7 Be3 38.Re1 Bxf4 39.Nc6 Rxa2 40.Rf1 g5 41.g3 Bxg3 42.Rxf7+ Kg6 43.Rf6+ Kh5
44.Rxe6 Rxa3 45.Nd4 Bf4 46.Nf5 Rxh3+ 47.Kg1 Kg4 48.Nxh6+ Kf3 49.Rf6 Rg3+
50.Kf1 Rg2 51.Nf7 Rf2+ 52.Ke1 Re2+ 53.Kd1 Rd2+ 54.Kc1 Re2+ 55.Kb1 g4 56.e6 g3
57.Ng5+ Kg4 58.Nh7 g2 59.Rg6+ Kf3 60.Nf6 Rxe6  0-1

[Event "IV Open"]
[Site "Lido Estensi ITA"]
[Date "2003.06.11"]
[Round "5"]
[White "Tomba,I"]
[Black "Mantovani,R"]
[Result "1/2-1/2"]
[WhiteElo "2131"]
[BlackElo "2353"]

1.e4 c5 2.Nf3 e6 3.d4 cxd4 4.Nxd4 a6 5.Bd3 Qc7 6.Qe2 Nc6 7.Be3 Nf6 8.O-O Be7
9.Nc3 b5 10.f4 b4 11.Na4 d5 12.e5 Nd7 13.Nxe6 fxe6 14.Qh5+ Kd8 15.Qf7 d4
16.Qxg7 Rf8 17.Bd2 Nc5 18.Nxc5 Bxc5 19.Qh6 Ra7 20.f5 exf5 21.Bg5+ Ke8 22.e6 Qg7
23.Qxg7 Rxg7 24.Bh6 Rgg8 25.Bxf8 Rxf8 26.Rxf5 Rxf5 27.Bxf5 d3+ 28.Kf1 d2
29.Be4 Ne5 30.Ke2 Bxe6 31.Kxd2 Nc4+ 32.Ke2 Nxb2 33.Bxh7 Bd4 34.Kf3 Ke7 35.g4 Nc4
36.Re1 Ne5+ 37.Ke4 Bc3 38.Rg1 Nxg4 39.Kf4 Be5+ 40.Ke4 Bxh2 41.Rg2 Bd6 42.Kd4 a5
43.Re2 Kf6 44.c3 Ne5 45.Be4 b3 46.axb3 Bxb3 47.Bd5 Bd1 48.Ra2 Bc7 49.Kc5 Bg4
50.Bc6 Be6 51.Ra1 Nxc6 52.Kxc6 Bd8 53.Rd1 Ke7  1/2-1/2

[Event "FSFMB June"]
[Site "Budapest HUN"]
[Date "2003.06.14"]
[Round "8"]
[White "Virag,A"]
[Black "Trajber,C"]
[Result "1-0"]
[WhiteElo "2093"]
[BlackElo "2060"]

1.e4 c5 2.Nf3 e6 3.d4 cxd4 4.Nxd4 a6 5.Bd3 Nf6 6.O-O Qc7 7.Kh1 b5 8.f4 d6
9.a3 Bb7 10.Nc3 Be7 11.Qe1 Nbd7 12.Qg3 O-O 13.Bd2 Kh8 14.Rae1 Rg8 15.e5 Nh5
16.Qh3 g6 17.Nf3 Nc5 18.Ng5 Nxd3 19.cxd3 Bxg5 20.fxg5 dxe5 21.Ne4 Rg7 22.Bc3 Bxe4
23.Rxe4 Nf4 24.Qf3 Nd5 25.Bxe5 Qe7 26.Qxf7 Rg8 27.Bxg7+ Rxg7 28.Qf8+ Rg8
29.Qxe7 Nxe7 30.Rxe6 Nf5 31.Rxa6 Rd8 32.Rb6 Rd5 33.Rb7 Kg8 34.Rc1 Nd6 35.Rd7  1-0

[Event "Master Open"]
[Site "Voronezh RUS"]
[Date "2003.06.19"]
[Round "7"]
[White "Morozov,D"]
[Black "Rodin,D"]
[Result "0-1"]
[WhiteElo "2335"]
[BlackElo "2432"]

1.e4 c5 2.Nf3 e6 3.d4 cxd4 4.Nxd4 a6 5.Bd3 g6 6.O-O Bg7 7.Be3 Ne7 8.c4 d6
9.Nc3 O-O 10.Qd2 b6 11.Rfd1 Bb7 12.Rac1 Qc7 13.Bb1 Rd8 14.Bg5 Qd7 15.Bh6 Bh8
16.b3 Nbc6 17.Nf3 Qe8 18.Qe3 Nc8 19.Qg5 Qe7 20.Qg3 Ne5 21.Nd4 Na7 22.Be3 Rab8
23.f4 Nd7 24.f5 Bf6 25.fxe6 fxe6 26.Nf3 Nc8 27.Bf4 Qg7 28.Bg5 Rf8 29.Bxf6 Nxf6
30.Nd4 Re8 31.e5 Nh5 32.Qf2 Qxe5 33.Re1 Qf4 34.Nxe6 Rxe6 35.Rxe6 Qxc1+ 36.Re1 Qf4
37.Re8+ Kg7 38.Qe1 Nf6 39.Re3 Ng4 40.Rh3 Qd4+ 41.Kf1 Qf6+ 42.Kg1 Ne7 43.Rd3 Rf8
44.h3 Ne5  0-1

[Event "ch-Barents Region A"]
[Site "Alta NOR"]
[Date "2003.06.22"]
[Round "5"]
[White "Hansen,Vi"]
[Black "Andersen,A"]
[Result "0-1"]
[WhiteElo "2119"]
[BlackElo "2165"]

1.e4 c5 2.Nf3 e6 3.d4 cxd4 4.Nxd4 a6 5.Bd3 Nc6 6.c3 Nf6 7.O-O Qc7 8.Bg5 Be7
9.Nd2 Ne5 10.Bc2 d6 11.Qe2 Bd7 12.Rae1 Ng6 13.f4 h6 14.f5 hxg5 15.fxg6 fxg6
16.e5 dxe5 17.Bxg6+ Kd8 18.N4f3 Bc5+ 19.Kh1 e4 20.Nxe4 g4 21.Nxc5 gxf3 22.Nxe6+ Bxe6
23.gxf3 a5 24.Rd1+ Bd7 25.Rf2 Ra6 26.Qd3 Re6 27.Qd4 Kc8 28.Qa7 Ra6 29.Qd4 Re6
30.Qa7 Ra6 31.Qd4 Kb8 32.Re1 Re6 33.Rxe6 Bxe6 34.b3 Bd7 35.Kg1 Bc6 36.Qd2 Rd8
37.Qe2 Qd6 38.Qe3 Qd1+ 39.Kg2 Qd6 40.Qg5 Qd5 41.Qf4+ Qd6 42.Qxd6+ Rxd6 43.c4 Ng4  0-1

[Event "zt 3.2a"]
[Site "Ho Chi Minh City VIE"]
[Date "2003.06.22"]
[Round "2"]
[White "Wong Zi Jing"]
[Black "Paragua,M"]
[Result "0-1"]
[WhiteElo "2336"]
[BlackElo "2500"]

1.e4 c5 2.Nf3 e6 3.d4 cxd4 4.Nxd4 a6 5.Bd3 Nf6 6.O-O Qc7 7.Qe2 d6 8.c4 Be7
9.b3 b6 10.Bb2 Bb7 11.Nd2 Nbd7 12.f4 g6 13.Rae1 e5 14.Nc2 exf4 15.Rxf4 Ne5
16.Ne3 Nfd7 17.Nf3 O-O 18.Nxe5 dxe5 19.Rff1 Bc5 20.Kh1 Bxe3 21.Qxe3 Nc5 22.Bc2 Rad8
23.Rd1 Rfe8 24.b4 Ne6 25.Ba4 Rxd1 26.Rxd1 Rc8 27.Rd7 Qxc4 28.Rxb7 Qxa2 29.Bd7 Rd8
30.Qc1 Nf4 31.h3 Ne2 32.Qa1 Qc4 33.Bxe5 Qxe4 34.Bh8 Ng3+ 35.Kh2 Nh5 36.Ra7 Qf4+
37.Kg1 f6 38.Bg4 Kxh8 39.Bxh5 Rc8 40.Bf3 Rc1+ 41.Qxc1 Qxc1+ 42.Kf2 a5 43.bxa5 bxa5
44.Ra8+ Kg7 45.Ra7+ Kh6 46.Kg3 Qa3 47.Kh2 a4 48.Ra6 Qa1 49.Ra5 a3 50.Be2 Qc3  0-1

[Event "zt 3.2a"]
[Site "Ho Chi Minh City VIE"]
[Date "2003.06.25"]
[Round "6"]
[White "Wong Zi Jing"]
[Black "Goh Weiming"]
[Result "1-0"]
[WhiteElo "2336"]
[BlackElo "2264"]

1.e4 c5 2.Nf3 e6 3.d4 cxd4 4.Nxd4 a6 5.Bd3 Bc5 6.Nb3 Ba7 7.Nc3 Nc6 8.f4 d6
9.Qf3 Nge7 10.Bd2 b5 11.g4 b4 12.Ne2 a5 13.a4 bxa3 14.Rxa3 a4 15.Nbc1 Bc5
16.Ra1 Qb6 17.Bc3 O-O 18.g5 g6 19.Bf6 d5 20.Qh3 h5 21.Ng3 e5 22.f5 Bf2+ 23.Kf1 dxe4
24.Bxe4 Bxg3 25.hxg3 Qe3 26.Qxh5 gxh5 27.Rxh5 Ng6 28.fxg6  1-0

[Event "zt 3.2a"]
[Site "Ho Chi Minh City VIE"]
[Date "2003.06.26"]
[Round "7"]
[White "Pham Chuong"]
[Black "Torre,E"]
[Result "1-0"]
[WhiteElo "2225"]
[BlackElo "2520"]

1.e4 c5 2.Nf3 e6 3.d4 cxd4 4.Nxd4 a6 5.Bd3 Bc5 6.Nb3 Ba7 7.O-O Nc6 8.c4 d6
9.Nc3 Nge7 10.Qe2 O-O 11.Be3 e5 12.Rad1 Be6 13.Bxa7 Rxa7 14.Qe3 Qb8 15.Be2 b6
16.Rd2 f5 17.f3 f4 18.Qd3 Nc8 19.Nd5 g5 20.a4 h5 21.a5 bxa5 22.Ra1 g4 23.Kh1 Rg7
24.c5 Kh8 25.cxd6 Rd8 26.Nc5 Rxd6 27.Nxe6 Rxe6 28.Rc1 N6e7 29.Rdc2 Kh7 30.Nxe7 Nxe7
31.fxg4 h4 32.Qh3 Rb6 33.Rc7 Ng6 34.Rxg7+ Kxg7 35.g5 Rd6 36.Qf5 Qd8 37.h3 Qe7
38.Kh2 f3 39.Bxf3 Nf4 40.Qg4 Ne6 41.Qxh4 Nxg5 42.Qg4 Rg6 43.Qf5 Kh6 44.Rc8 Qf6
45.Bg4 Qxf5 46.Bxf5 Rb6 47.Rc7 Kh5 48.b3 Rd6 49.Rc5 Nf7 50.Rxa5 Kg5 51.g3 Rd2+
52.Kh1 Kf6 53.Rxa6+ Nd6 54.b4 Ke7 55.b5 Rb2 56.b6 Nc4 57.Ra7+ Kf6 58.b7 Nd6
59.Bc8 Kg5 60.h4+ Kf6 61.Ra8 Nxb7 62.Rb8 Rc2 63.Bxb7 Rb2 64.g4 Kg7 65.h5  1-0

[Event "zt 3.2a"]
[Site "Ho Chi Minh City VIE"]
[Date "2003.06.27"]
[Round "8"]
[White "Wong Zi Jing"]
[Black "Ngo,N"]
[Result "0-1"]
[WhiteElo "2336"]
[BlackElo "2325"]

1.e4 c5 2.Nf3 e6 3.d4 cxd4 4.Nxd4 a6 5.Bd3 Nf6 6.O-O Qc7 7.Qe2 d6 8.c4 g6
9.b3 Bg7 10.Bb2 Nbd7 11.Nd2 O-O 12.Rad1 b6 13.f4 Re8 14.N4f3 e5 15.fxe5 dxe5
16.Kh1 Nc5 17.Nb1 Bg4 18.Nc3 Rad8 19.Bc2 Ne6 20.Bb1 Nd4 21.Qe1 Qd7 22.Qh4 b5
23.Nd5 Nxd5 24.cxd5 h6 25.h3 Bxf3 26.gxf3 Ne2 27.Kh2 Rc8 28.Rf2 Nf4 29.Qg4 Qd6
30.Rc1 Rxc1 31.Bxc1 h5 32.Qg1 Rc8 33.Rc2 Rxc2+ 34.Bxc2 Qb4 35.Qd1 Qc5 36.Bxf4 Qf2+
37.Kh1 exf4 38.d6 Qh4 39.d7 Bf6 40.Qf1 Kf8 41.a4 Ke7 42.axb5 axb5 43.Bd1 Bd4
44.Be2 b4 45.Bb5 g5 46.Qg2 Qe1+ 47.Qf1 Qe3 48.Qg2 f6 49.Ba4 Qe1+ 50.Kh2 Bf2
51.h4 Bxh4 52.e5 Bg3+ 53.Kh3 fxe5 54.Bc6 Qd1  0-1

[Event "2nd Open"]
[Site "La Fere FRA"]
[Date "2003.07.03"]
[Round "8"]
[White "Depoorter,E"]
[Black "Sarakauskiene,Z"]
[Result "0-1"]
[WhiteElo "2101"]
[BlackElo "2206"]

1.e4 c5 2.Nf3 e6 3.d4 cxd4 4.Nxd4 a6 5.Bd3 Nf6 6.Qe2 d6 7.O-O Nbd7 8.c4 Qc7
9.f4 e5 10.Nf3 exf4 11.Bxf4 Ne5 12.Bg5 Nfg4 13.Kh1 Be6 14.b3 Be7 15.Bxe7 Qxe7
16.Nc3 O-O 17.Rad1 Qc7 18.h3 Nxf3 19.Rxf3 Ne5 20.Rf4 Nxd3 21.Qxd3 d5 22.Rf3 dxc4
23.bxc4 Qxc4 24.Qd6 Rac8 25.Qb6 Qc7 26.Rb1 Qe5 27.Qe3 Rc7 28.Re1 g6 29.Rd1 Rfc8
30.Nd5 Bxd5 31.exd5 Qxe3 32.Rxe3 Rc1 33.Rd3 Rxd1+ 34.Rxd1 Kf8 35.Kh2 Ke7
36.Kg3 Kd6 37.Kf4 Rc2  0-1

[Event "32nd TCh-GRE"]
[Site "Kallithea Chalkidiki GRE"]
[Date "2003.07.04"]
[Round "1"]
[White "Kotronias,V"]
[Black "Hellsten,J"]
[Result "1/2-1/2"]
[WhiteElo "2602"]
[BlackElo "2511"]

1.e4 c5 2.Nf3 e6 3.d4 cxd4 4.Nxd4 a6 5.Bd3 Nf6 6.O-O Qc7 7.Qe2 d6 8.c4 g6
9.Nc3 Bg7 10.Rd1 O-O 11.Nf3 Nc6 12.h3 Nd7 13.Be3 Nde5 14.Rac1 Bd7 15.Nxe5 dxe5
16.Nd5 exd5 17.cxd5 Rfc8 18.dxc6 Bxc6 19.Bc4 Qe7 20.Bc5 Qe8 21.Bb6 Ba4 22.b3 Bb5
23.Bxb5 axb5 24.Rxc8 Rxc8 25.Rd5 b4 26.Qd2 Bf8 27.Rd7 Rc1+ 28.Kh2 Rc6 29.Be3 Qe6
30.Rxb7 Rc8 31.g4 Qf6 32.Kg2 h5 33.Qd5 hxg4 34.hxg4 Re8 35.Bg5 Qe6 36.Qxe6 Rxe6
37.Be3 Ra6 38.Ra7 Rc6 39.Ra5 f6 40.g5 fxg5 41.Rxe5 Ra6 42.Rxg5 Bh6 43.Rb5 Bxe3
44.fxe3 Rxa2+ 45.Kf3 Kf7 46.Rxb4 Ra5 47.Rb6 g5 48.b4 Re5 49.b5 Ke7 50.Rb8 Kd7
51.b6 Kc6 52.Rd8 Kxb6 53.Rd5 Re8 54.Rxg5  1/2-1/2

[Event "White Nights"]
[Site "St Petersburg RUS"]
[Date "2003.07.04"]
[Round "6"]
[White "Yandarbiev,R"]
[Black "Karasev,V"]
[Result "0-1"]
[WhiteElo "2391"]
[BlackElo "2429"]

1.e4 c5 2.Nf3 e6 3.d4 cxd4 4.Nxd4 a6 5.Bd3 Nf6 6.O-O d6 7.c4 Nbd7 8.Nc3 Qc7
9.Bg5 h6 10.Bh4 g5 11.Bg3 Ne5 12.Rc1 Be7 13.Be2 b6 14.b4 Bb7 15.f3 Rc8 16.Na4 Nfd7
17.Qd2 Rg8 18.Qe3 h5 19.h3 g4 20.hxg4 hxg4 21.f4 Nc6 22.Nxc6 Qxc6 23.Nc3 Bf6
24.Nd5 Kf8 25.b5 Qc5 26.Qxc5 bxc5 27.Nxf6 Nxf6 28.bxa6 Bxe4 29.Rc3 Bf5 30.Ra3 Ne4
31.Bh4 Rh8 32.g3 Kg7 33.Rd1 Rc6 34.a7 Ra8 35.Bd3 d5 36.cxd5 exd5 37.Bb5 Rd6
38.Be7 Re6 39.Rxd5 Rxe7 40.Rxf5 Raxa7 41.Rxa7 Rxa7 42.a4 Rc7 43.Bd3 Nc3 44.Rg5+ Kf6
45.a5 c4 46.Bh7 Ke6 47.a6 Kd6 48.Ra5 Ra7 49.Kf2 Kc6 50.Ke3 Kb6 51.Ra3 Re7+
52.Kf2 Nb5 53.Ra4 Kc5 54.Bf5 Rc7 55.Bxg4 Kb6 56.Ke3 c3 57.Ra1 c2 58.Rc1 Rc3+
59.Kd2 Rxg3 60.Bf5 Rg2+ 61.Ke3 Kxa6  0-1

[Event "Andorra"]
[Site "Andorra la Vella AND"]
[Date "2003.07.05"]
[Round "1"]
[White "Cheparinov,I"]
[Black "Huguet,S"]
[Result "1/2-1/2"]
[WhiteElo "2529"]
[BlackElo "2109"]

1.e4 c5 2.Nf3 e6 3.d4 cxd4 4.Nxd4 a6 5.Bd3 Nf6 6.O-O Qc7 7.Qe2 Nc6 8.Nxc6 dxc6
9.e5 Nd7 10.f4 Nc5 11.Be3 Nxd3 12.Qxd3 Be7 13.Nd2 O-O 14.Ne4 Rd8 15.Qc3 b6
16.a4 a5 17.Rf3 c5 18.Rg3 Bb7 19.Nd6 g6 20.Nxb7 Qxb7 21.Rf3 Rd5 22.Qc4 Rad8
23.Rff1 R5d7 24.b3 Qd5 25.Rae1 Bh4 26.Rb1 Be7 27.Rfe1 Qc6 28.Re2 Rd1+ 29.Re1 R1d7
30.Rbc1 Rd5 31.Qe4 Qa8 32.Kf2 R5d7 33.Qxa8 Rxa8 34.Rcd1 Rad8 35.Rxd7 Rxd7
36.Kf3 h5 37.g3 Rd5 38.Ke4 Rd7 39.h3 Rd8 40.g4 hxg4 41.hxg4 f5+ 42.exf6 Bxf6
43.Rh1 Bg7 44.Rh2 Rd5 45.Rd2 Rxd2 46.Bxd2 Kf7 47.f5 gxf5+ 48.gxf5 Ke7 49.Bg5+ Bf6
50.Bf4 exf5+ 51.Kxf5 Bc3 52.Bc7 Kd7 53.Bxb6 Kc6 54.Bd8 Kd5 55.Kf4 c4 56.Ke3 cxb3
57.cxb3  1/2-1/2

[Event "32nd TCh-GRE"]
[Site "Kallithea Chalkidiki GRE"]
[Date "2003.07.05"]
[Round "2"]
[White "Makka,I"]
[Black "Botsari,A"]
[Result "1/2-1/2"]
[WhiteElo "2275"]
[BlackElo "2380"]

1.e4 c5 2.Nf3 e6 3.d4 cxd4 4.Nxd4 a6 5.Bd3 b5 6.a4 b4 7.O-O Bb7 8.Be3 Nf6
9.Nd2 h5 10.Bg5 Qc7 11.Qe2 Ng4 12.N2f3 Bd6 13.h3 Bh2+ 14.Kh1 Bf4 15.Bxf4 Qxf4
16.Qd2 Qxd2 17.Nxd2 Ne5 18.N4b3 a5 19.Bb5 g5 20.Kg1 Ke7 21.f3 Rc8 22.Rfc1 d6
23.g3 Nbd7 24.Kf2 Nb6 25.Ke2 d5 26.c3 bxc3 27.Rxc3 dxe4 28.fxe4 Rxc3 29.bxc3 f5
30.Nc5 Bc8 31.Ndb3 h4 32.gxh4 gxh4 33.Rg1 Kf6 34.Rg8 Bb7 35.Rxa8 Bxa8 36.exf5 exf5
37.Nxa5 Nd5 38.Kd2 f4 39.Nd7+ Nxd7 40.Bxd7 Nb6 41.Bc6 Bxc6 42.Nxc6 Nxa4 43.Nd4 Nc5
44.Nf3 Ne4+ 45.Kd3 Nf2+ 46.Kd4 Nxh3 47.Nxh4 Ng5 48.c4 Ne6+ 49.Ke4 Kg5 50.Nf3+ Kg4
51.Ne5+  1/2-1/2

[Event "25th Open"]
[Site "Oberwart AUT"]
[Date "2003.07.06"]
[Round "2"]
[White "Pichler,Mi"]
[Black "Schroll,G"]
[Result "0-1"]
[WhiteElo "2162"]
[BlackElo "2414"]

1.e4 e6 2.d4 c5 3.Nf3 cxd4 4.Nxd4 a6 5.Bd3 Bc5 6.Nb3 Ba7 7.O-O Nc6 8.Nc3 Nge7
9.Qg4 O-O 10.Bg5 f6 11.Bh4 Ne5 12.Qe2 b5 13.Kh1 b4 14.Nd1 d5 15.f4 Nxd3 16.cxd3 dxe4
17.dxe4 Bd7 18.Qg4 Ng6 19.Bf2 f5 20.exf5 exf5 21.Qf3 Bb5 22.Re1 Qd6 23.Bxa7 Rxa7
24.Nf2 Bc6 25.Rad1 Qc7 26.Qe3 Nxf4 27.Rc1 Bxg2+ 28.Kg1 Qb8 29.Rc4 Be4 30.Nxe4 fxe4
31.Rxe4 Raf7 32.Nd4 Qc8 33.Ne6 Nxe6 34.Rxe6 Qc4 35.b3 Rf1+  0-1

[Event "11th Fair Play Trophy"]
[Site "Techirghiol ROM"]
[Date "2003.07.06"]
[Round "6"]
[White "Podgurkii,S"]
[Black "Susterman,A"]
[Result "1/2-1/2"]
[WhiteElo "2151"]
[BlackElo "2280"]

1.e4 c5 2.Nf3 e6 3.d4 cxd4 4.Nxd4 a6 5.Bd3 Bc5 6.Nb3 Be7 7.c4 d6 8.O-O Nf6
9.Nc3 O-O 10.Be3 b6 11.Qe2 Bb7 12.Rfd1 Nbd7 13.Rac1 Rc8 14.f3 Qc7 15.Qf2 Bd8
16.Nd4 Qb8 17.Bf1 Bc7 18.g3 Kh8 19.b4 Ne5 20.Nb3 Nfd7 21.Nd4 Nf6 22.Nb3  1/2-1/2

[Event "Andorra"]
[Site "Andorra la Vella AND"]
[Date "2003.07.08"]
[Round "4"]
[White "Van Blitterswijk,S"]
[Black "Berning,B"]
[Result "1-0"]
[WhiteElo "2412"]
[BlackElo "2166"]

1.e4 c5 2.Nf3 e6 3.d4 cxd4 4.Nxd4 a6 5.Bd3 Nf6 6.O-O Qc7 7.Qe2 d6 8.c4 g6
9.Nc3 Bg7 10.Nf3 Nc6 11.Rd1 O-O 12.h3 Bd7 13.Bf4 Ne5 14.Rac1 Rac8 15.b3 Rfd8
16.Bb1 Be8 17.Bg5 Qa5 18.Nxe5 Qxe5 19.Qd2 Rc6 20.b4 d5 21.f4 Qc7 22.e5 Rxc4
23.Bd3 Qb6+ 24.Kh2 Rxb4 25.Bxf6 Bxf6 26.exf6 Rb2 27.Qe1 Rf2 28.Rb1 Qd4 29.Be4 Qa7
30.Bf3 Rc8 31.Rbc1 Bc6 32.Ne2 h5 33.h4 e5 34.fxe5 Qe3 35.Nd4 Qf4+ 36.Kg1 Rxa2
37.g3 Qh6 38.e6 Re8 39.Qe5 Ba4 40.exf7+ Kxf7 41.Bxd5+  1-0

[Event "Open"]
[Site "Montpellier FRA"]
[Date "2003.07.08"]
[Round "2"]
[White "Muller,A"]
[Black "Cornette,M"]
[Result "1-0"]
[WhiteElo "2184"]
[BlackElo "2366"]

1.e4 c5 2.Nf3 e6 3.d4 cxd4 4.Nxd4 a6 5.Bd3 Bc5 6.Nb3 Ba7 7.Nc3 Nc6 8.Qe2 d6
9.Be3 Nge7 10.O-O-O e5 11.Bxa7 Rxa7 12.Qe3 Be6 13.g3 b5 14.f4 Bxb3 15.axb3 Qa5
16.Kb1 Rc7 17.fxe5 Nxe5 18.Be2 Rd7 19.Nd5 Nxd5 20.Rxd5 O-O 21.Rhd1 Qc7 22.Qd2 Rfd8
23.Bf1 Re8 24.Bh3 Rdd8 25.Rxd6 Rxd6 26.Qxd6 Qxd6 27.Rxd6 Nf3 28.Rxa6 g6 29.Bg2 Nd2+
30.Kc1 Nxe4 31.Bxe4 Rxe4 32.Kd2 Rd4+ 33.Ke3 Rd1 34.c4 bxc4 35.bxc4 Kf8 36.Ra7 Rc1
37.Kd3 Rd1+ 38.Kc2 Rh1 39.h4 Rh2+ 40.Kb1 Rg2 41.Ra3 Ke7 42.Rd3 Re2 43.c5 Re4
44.Kc2  1-0

[Event "Open"]
[Site "Montpellier FRA"]
[Date "2003.07.08"]
[Round "2"]
[White "Guerin,G"]
[Black "Collas,D"]
[Result "0-1"]
[WhiteElo "2191"]
[BlackElo "2437"]

1.e4 c5 2.Nf3 e6 3.d4 cxd4 4.Nxd4 a6 5.Bd3 Qb6 6.Nb3 Qc7 7.f4 d6 8.c4 Nf6
9.Nc3 Be7 10.Be3 b6 11.g4 h6 12.Qf3 Bb7 13.O-O-O Nbd7 14.Rhg1 g5 15.fxg5 hxg5
16.Kb1 Ne5 17.Qe2 Nfd7 18.Rc1 Nxd3 19.Qxd3 Rxh2 20.Bd4 Ne5 21.Bxe5 dxe5 22.Rgf1 Rh4
23.c5 Bxc5 24.Nxc5 bxc5 25.Na4 Rxg4 26.Nxc5 Qxc5 27.Qd1 Qd4 28.Qxg4 Qxe4+
29.Qxe4 Bxe4+ 30.Ka1 Bf5 31.Rc7 Kf8 32.Rd1 Kg7 33.Rdd7 Bg6 34.b4 g4 35.a4 g3
36.Kb2 g2 37.Rd1 Bd3 38.Rg1 Bf1 39.Rc1 Kf6 40.Kb3 e4 41.Rgxf1+ gxf1=Q 42.Rxf1+ Ke7
43.b5 axb5 44.axb5 f5 45.Kb4 Kd6 46.Rd1+ Ke5 47.b6 f4 48.Kb5 e3  0-1

[Event "Open A"]
[Site "Poznan POL"]
[Date "2003.07.08"]
[Round "2"]
[White "Maciejewski,W"]
[Black "Przezdziecka,E"]
[Result "0-1"]
[WhiteElo "2118"]
[BlackElo "1974"]

1.e4 c5 2.Nf3 e6 3.d4 cxd4 4.Nxd4 a6 5.Bd3 Nf6 6.O-O Qc7 7.c4 d6 8.Nc3 Nbd7
9.Be3 Ne5 10.Rc1 Be7 11.Be2 b6 12.f4 Ned7 13.Qe1 Bb7 14.f5 e5 15.Nd5 Qd8
16.Nb3 Nxe4 17.Nxe7 Qxe7 18.Qb4 Nec5 19.Nd2 O-O 20.f6 Nxf6 21.Bg5 Ncd7 22.Bxf6 Nxf6
23.Qxb6 Rab8 24.Qe3 d5 25.Nb3 Rfe8 26.c5 d4 27.Qg5 h6 28.Qf5 Be4 29.Qh3 Qe6
30.Qg3 Bd5 31.c6 Bxc6 32.Nc5 Qd6 33.Bc4 Bb5 34.Rxf6 Qxf6 35.Ne4 Qf4 36.Bxf7+ Qxf7
37.a4 Qf4 38.Qb3+ Kh8 39.Re1 Bc6 40.Qc2 Bxe4 41.Rxe4 Qf6 42.h3 Rbc8 43.Qd2 Qc6
44.Re1 Qc2 45.Qa5 d3  0-1